Annual editions : Psychology. 2002/2003

Đã lưu trong:
書目詳細資料
格式: 圖書
語言:Undetermined
出版: Guilford, CT. McGraw-Hill/Dushkin 2002
主題:
標簽: 添加標簽
沒有標簽, 成為第一個標記此記錄!
Thư viện lưu trữ: Trung tâm Học liệu Trường Đại học Cần Thơ
LEADER 00502nam a2200193Ia 4500
001 CTU_109225
008 210402s9999 xx 000 0 und d
082 |a 150 
082 |b A613 
245 0 |a Annual editions : 
245 0 |b Psychology. 2002/2003 
245 0 |c Edited by Karen G. Duffy 
260 |a Guilford, CT. 
260 |b McGraw-Hill/Dushkin 
260 |c 2002 
650 |a Psychology 
650 |x Periodicals 
904 |i Minh 
980 |a Trung tâm Học liệu Trường Đại học Cần Thơ